1808 : la clave de la enmancipación hispanoamericana, ensayo histórico-jurídico /
Guardado en:
| Autor Principal: | |
|---|---|
| Formato: | Libro |
| Publicado: |
Buenos Aires :
El Elefante Blanco,
2002
|
| Materias: | |
| Etiquetas: |
Agregar Etiqueta
Sin Etiquetas, Sea el primero en etiquetar este registro!
|
| LEADER | 00616nam a22001815a 4500 | ||
|---|---|---|---|
| 001 | EHU.bham044124 | ||
| 003 | AR-BHAM | ||
| 005 | 20160707104341.0 | ||
| 008 | 130507s2002##################000#0#####d | ||
| 020 | |a 9879223551 | ||
| 082 | 3 | 2 | |a 328.989 |
| 100 | 1 | |a Martiré, Eduardo | |
| 245 | 1 | 0 | |a 1808 : |b la clave de la enmancipación hispanoamericana, ensayo histórico-jurídico / |c Eduardo Martiré |
| 260 | |a Buenos Aires : |b El Elefante Blanco, |c 2002 | ||
| 300 | |a 328 p. | ||
| 653 | |a América latina-historia de | ||
| 653 | |a Amércia latina-independencia | ||
| 859 | |a AR-BHAM |b BIB. HUMANIDADES - General |h 328.989 |i M366-1 |p 336.16 |t Ej.1 | ||
